[Event "Krasnoyarsk Regional-ch"]
[Site "Krasnoyarsk"]
[Date "2017.10.07"]
[Round "8"]
[White "Pozdnyakov, Anton"]
[Black "Lukyanov, Saveliy"]
[Result "0-1"]
[WhiteElo "1746"]
[BlackElo "1950"]
[PlyCount "54"]
[EventDate "2017.09.30"]
[EventType "swiss"]
[EventRounds "9"]
[EventCountry "RUS"]
[SourceTitle "CBM 181 Extra"]
[Source "ChessBase"]
[SourceDate "2017.12.12"]
[SourceVersion "1"]
[SourceVersionDate "2017.12.12"]
[SourceQuality "1"]

1. e4 e6 2. d4 d5 3. Nd2 Nf6 4. e5 Nfd7 5. Bd3 c5 6. c3 Nc6 7. Ndf3 cxd4 8. cxd4 f6 9. exf6 Nxf6 10. Nh3 Bd6 11. 0-0 0-0 12. Re1 Qc7 13. Nhg5 h6 14. Nxe6 Bxe6 15. Rxe6 Ng4 16. h3 Nxf2 17. Kxf2 Nxd4 18. Rg6 Bc5 19. Be3 Nxf3 20. gxf3 Qh2+ 21. Ke1 Bxe3 22. Qe2 Qh1+ 23. Qf1 Qxf1+ 24. Kxf1 Rxf3+ 25. Ke2 Raf8 26. Rd6 Bg5 27. Rxd5 Re3+ 0-1

[Event "Krasnoyarsk Regional-ch"]
[Site "Krasnoyarsk"]
[Date "2017.10.01"]
[Round "2"]
[White "Shubko, Sergey"]
[Black "Lukyanov, Saveliy"]
[Result "0-1"]
[WhiteElo "1580"]
[BlackElo "1950"]
[PlyCount "58"]
[EventDate "2017.09.30"]
[EventType "swiss"]
[EventRounds "9"]
[EventCountry "RUS"]
[SourceTitle "CBM 181 Extra"]
[Source "ChessBase"]
[SourceDate "2017.12.12"]
[SourceVersion "1"]
[SourceVersionDate "2017.12.12"]
[SourceQuality "1"]

1. d4 Nf6 2. Nd2 d5 3. Ngf3 c5 4. e3 Nc6 5. c3 Bg4 6. Bd3 e6 7. h3 Bh5 8. g4 Bg6 9. Qe2 Be7 10. Ne5 Nxe5 11. dxe5 Nd7 12. f4 Bxd3 13. Qxd3 c4 14. Qc2 Nc5 15. Ke2 a6 16. b4 Nd3 17. a4 h5 18. Ba3 Qd7 19. a5 hxg4 20. hxg4 0-0-0 21. Nf3 f6 22. Qd1 fxe5 23. Nxe5 Nxe5 24. fxe5 Bg5 25. Qd4 Qa4 26. Bb2 Qc2+ 27. Qd2 Qe4 28. Rxh8 Rxh8 29. Qd4 Rh2+ 0-1